000 00279nam a22001337a 4500
008 171005b xxu||||| |||| 00| 0 eng d
020 _a081548003951
041 _aeng
080 _a159.9
100 _a49
101 _aPSI
245 _aSTRESS
_cDUDRICK, S.J
942 _2udc
_cBK
999 _c31981
_d31981